NFL Teams nach Logos - Statistiken

Allgemein
  • Dieses Quiz wurde 1.058 mal gespielt
  • Das Durchschnittsergebnis liegt bei 28 aus 32
Antwortstatistiken
Bildquiz Antwort % Korrekt
Minnesota Vikings
97%
Chicago Bears
95%
Detroit Lions
95%
Miami Dolphins
95%
Kansas City Chiefs
94%
Philadelphia Eagles
94%
San Francisco 49er
94%
Carolina Panthers
92%
Green Bay Packers
92%
New York Jets
92%
Baltimore Ravens
91%
Buffalo Bills
91%
Jacksonville Jaguars
91%
New England Patriots
91%
Atlanta Falcons
90%
New York Giants
90%
Seattle Seahawks
90%
Dallas Cowboys
89%
Los Angeles Rams
89%
Washington Commanders
88%
New Orleans Saints
87%
Tampa Bay Buccaneers
86%
Tennessee Titans
86%
Houston Texans
85%
Denver Broncos
83%
Arizona Cardinals
82%
Cincinnati Bengals
82%
Indianapolis Colts
82%
Cleveland Browns
81%
Los Angeles Chargers
80%
Las Vegas Raiders
77%
Pittsburgh Steelers
76%
Keine übereinstimmenden Quizze gefunden
Verteilung der Resultate
Anzahl Personen mit jedem Resultat
Perzentil nach korrekt beantworteten Fragen
Ihre Resultats-Entwicklung
Sie haben dieses Quiz noch nicht gespielt